| 000 | 02873nam2a2200301 4500 | ||
|---|---|---|---|
| 001 | RU\NLR\BIBL_A\022098197 | ||
| 005 | 20240226132606.0 | ||
| 010 |
_a978-5-8424-0983-9 _950 |
||
| 021 |
_aRU _bКН-П-23-071758 _9КН-П-23-7269 |
||
| 035 | _a(NLR Aleph) 022098197 | ||
| 035 | _a(RuMoRGB)012343677 | ||
| 090 |
_a12737847 _c12737847 |
||
| 100 | _a20231215d2021 k y0rusy50 ca | ||
| 101 | 0 | _arus | |
| 102 | _aRU | ||
| 105 | _aa z 100yy | ||
| 181 | 0 |
_ai3 _baxxe |
|
| 182 | 0 | _an | |
| 200 | 0 |
_aВып. 4 _eматериалы Всероссийской научно-практической конференции (30 ноября 2021 г.) |
|
| 210 | _d2021 | ||
| 215 |
_a174 с. _cил. |
||
| 320 | _aБиблиогр. в конце ст. | ||
| 461 | 0 |
_1001RU\NLR\BIBL_A\022098199 _12001#$aПроблемы и перспективы в системе дошкольного и начального образования$e[сборник материалов конференций]$fМинистерство науки и высшего образования Российской Федерации, Орский гуманитарно-технологический институт (филиал) Федерального государственного бюджетного образовательного учреждения высшего образования "Оренбургский государственный университет"$gредакционная коллегия: Диль-Илларионова Т. В., кандидат педагогических наук, доцент (ответственный редактор) [и др.]$vВып. 4 _912737854 _cОрск _d2021 _fМинистерство науки и высшего образования Российской Федерации, Орский гуманитарно-технологический институт (филиал) Федерального государственного бюджетного образовательного учреждения высшего образования "Оренбургский государственный университет" _nИзд-во Орского гуманитарно-технологического института _o[сборник материалов конференций] _tПроблемы и перспективы в системе дошкольного и начального образования _vВып. 4 |
|
| 711 | 1 | 2 |
_a"Проблемы и перспективы в системе дошкольного и начального образования", всероссийская научно-практическая конференция _eОрск _f2021 _9873929 _3RU\NLR\AUTH\880602078 |
| 942 | _cBOOK | ||
| 980 | _aNB | ||